School leadership and administration : (Record no. 49640)
| 000 -LEADER | |
|---|---|
| fixed length control field | 00757 am a2200169ua 4500 |
| 020 ## - INTERNATIONAL STANDARD BOOK NUMBER | |
| International Standard Book Number | 0415932947 (pbk.) : |
| 245 00 - TITLE STATEMENT | |
| Title | School leadership and administration : |
| Remainder of title | adopting a cultural perspective / |
| Statement of responsibility, etc | edited by Allan Walker and Clive Dimmock. |
| 260 ## - PUBLICATION, DISTRIBUTION, ETC. (IMPRINT) | |
| Place of publication, distribution, etc | New York ; |
| -- | London : |
| Name of publisher, distributor, etc | RoutledgeFalmer, |
| Date of publication, distribution, etc | 2002. |
| 300 ## - PHYSICAL DESCRIPTION | |
| Extent | xiv, 242 p. ; |
| Dimensions | 24 cm. |
| 490 ## - SERIES STATEMENT | |
| Series statement | Reference Books in International Education; |
| 504 ## - BIBLIOGRAPHY, ETC. NOTE | |
| Bibliography, etc | Includes bibliographical references and index. |
| 650 #0 - SUBJECT ADDED ENTRY--TOPICAL TERM | |
| Topical term or geographic name as entry element | Educational leadership. School management and organization. |
| General subdivision | Social aspects |
| Form subdivision | Cross-cultural studies. |
| 9 (RLIN) | 86758 |
| 650 #0 - SUBJECT ADDED ENTRY--TOPICAL TERM | |
| Topical term or geographic name as entry element | Educational anthropology |
| Form subdivision | Cross-cultural studies. |
| 9 (RLIN) | 86759 |
| 700 1# - ADDED ENTRY--PERSONAL NAME | |
| Personal name | Walker, Allan, |
| Dates associated with a name | 1956- |
| 9 (RLIN) | 86760 |
| 700 1# - ADDED ENTRY--PERSONAL NAME | |
| Personal name | Dimmock, Clive A. J. |
| 9 (RLIN) | 86761 |
| 942 ## - ADDED ENTRY ELEMENTS (KOHA) | |
| Source of classification or shelving scheme | |
| Koha item type | Teacher's Resources |
| Withdrawn status | Lost status | Source of classification or shelving scheme | Damaged status | Not for loan | Collection code | Home library | Current library | Shelving location | Date acquired | Full call number | Barcode | Date last seen | Price effective from | Koha item type |
|---|---|---|---|---|---|---|---|---|---|---|---|---|---|---|
| TEACHERS' RESOURCES | Asian Hope Secondary Library | Asian Hope Secondary Library | SECONDARY | 10/10/2025 | 371.2 WAL | 208324 | 10/10/2025 | 10/10/2025 | Teacher's Resources |